[Event "Muensterland Verbandsklasse Gr2 2223"]
[Site "Germany"]
[Date "2022.10.29"]
[Round "2.7"]
[White "Toews, Andreas"]
[Black "Gerdes, Joachim"]
[Result "1-0"]
[WhiteElo "1566"]
[BlackElo "1309"]
[PlyCount "71"]
[EventDate "2022.09.17"]
[EventType "team-tourn"]
[EventRounds "5"]
[EventCountry "GER"]
[SourceTitle "EXT 2024"]
[Source "ChessBase"]
[SourceDate "2023.10.10"]
[SourceVersion "1"]
[SourceVersionDate "2023.10.10"]
[SourceQuality "1"]
[WhiteTeam "Greven"]
[BlackTeam "Gronau II"]
[WhiteTeamCountry "GER"]
[BlackTeamCountry "GER"]

1. Nf3 Nf6 2. d4 d5 3. Bf4 e6 4. e3 c5 5. c3 Be7 6. Nbd2 0-0 7. Be2 b6 8. 0-0 Nh5 9. Be5 c4 10. Bxb8 Rxb8 11. Ne5 Qc7 12. Bxh5 Bf6 13. f4 g6 14. Be2 Bxe5 15. fxe5 Bd7 16. Rf6 b5 17. a3 a5 18. e4 b4 19. axb4 axb4 20. exd5 exd5 21. Bf3 bxc3 22. bxc3 Be6 23. Bg4 Bxg4 24. Qxg4 Rb2 25. Qd1 Rfb8 26. Qc1 R2b6 27. Rxb6 Rxb6 28. Ra8+ Kg7 29. Qa3 Rb8 30. Rxb8 Qxb8 31. Qb4 Qc8 32. Qe7 Kg8 33. Qf6 Qe8 34. h3 Qa4 35. Qd8+ Kg7 36. Qxd5 1-0

[Event "Muensterland Regionalliga playoff Gr2"]
[Site "Germany"]
[Date "2022.04.09"]
[Round "2.6"]
[White "Mast, Holger"]
[Black "Gerdes, Joachim"]
[Result "1-0"]
[WhiteElo "1769"]
[BlackElo "1311"]
[PlyCount "53"]
[EventDate "2022.03.19"]
[EventType "team-tourn"]
[EventRounds "5"]
[EventCountry "GER"]
[SourceTitle "EXT 2023"]
[Source "ChessBase"]
[SourceDate "2022.10.05"]
[SourceVersion "1"]
[SourceVersionDate "2022.10.05"]
[SourceQuality "1"]
[WhiteTeam "Ahaus Wessum"]
[BlackTeam "Gronau"]
[WhiteTeamCountry "GER"]
[BlackTeamCountry "GER"]

1. e4 c5 2. Nf3 d6 3. Bc4 e6 4. 0-0 Nf6 5. Nc3 Be7 6. d4 cxd4 7. Nxd4 h6 8. Be3 a6 9. a4 0-0 10. f4 Nbd7 11. f5 e5 12. Nde2 Qc7 13. Ba2 Nc5 14. Ng3 Bd7 15. Nd5 Nxd5 16. Bxd5 Nxa4 17. f6 Bxf6 18. Bxh6 Nb6 19. Nh5 Qc5+ 20. Kh1 Nxd5 21. exd5 Rfc8 22. Rxf6 g6 23. Ng3 Qb4 24. Rb1 Rc4 25. Qf1 Be8 26. Rxg6+ Kh7 27. Qf6 1-0

[Event "Muensterland Verbandsklasse-B 0809"]
[Site "Germany"]
[Date "2008.10.11"]
[Round "2.8"]
[White "Miemietz, Carsten"]
[Black "Gerdes, Joachim"]
[Result "1-0"]
[WhiteElo "1717"]
[BlackElo "1323"]
[PlyCount "51"]
[EventDate "2008.09.13"]
[EventType "team-tourn"]
[EventRounds "9"]
[EventCountry "GER"]
[SourceTitle "EXT 2010"]
[Source "ChessBase"]
[SourceDate "2010.11.25"]
[SourceVersion "1"]
[SourceVersionDate "2010.11.25"]
[SourceQuality "1"]
[WhiteTeam "Muenster SK IV"]
[BlackTeam "Gronau"]
[WhiteTeamCountry "GER"]
[BlackTeamCountry "GER"]

1. c4 Nf6 2. Nc3 e6 3. d4 d5 4. e3 Be7 5. Nf3 dxc4 6. Bxc4 0-0 7. 0-0 Nbd7 8. a3 b6 9. b4 Bb7 10. Bb2 c5 11. bxc5 bxc5 12. dxc5 Nxc5 13. Qe2 a6 14. a4 Qc7 15. h3 Rfd8 16. Rfc1 Rab8 17. Ba3 Rd7 18. Bxc5 Bxc5 19. Bxa6 Qd8 20. Bxb7 Rbxb7 21. Nb5 Bb4 22. Rc4 Bf8 23. Qc2 Rb8 24. Nbd4 Qe8 25. Ne5 Ra8 26. Nxd7 1-0